[Event "POR-chT 1st League 2017"]
[Site "Leiria"]
[Date "2017.07.23"]
[Round "9"]
[White "Camacho Collados, Marcos"]
[Black "Espineira Gonzalez, Diego"]
[Result "1/2-1/2"]
[WhiteElo "2417"]
[BlackElo "2364"]
[Annotator "TA"]
[PlyCount "88"]
[EventDate "2017.??.??"]
[EventType "team-tourn"]
[EventCountry "POR"]
[SourceTitle "playchess.com"]
[Source "ChessBase"]
[SourceQuality "1"]

{[%evp 19,88,0,1,5,12,3,21,-18,67,63,85,75,81,83,77,89,85,81,86,79,85,69,93,85,73,87,91,76,95,0,0,2,34,46,38,47,84,84,84,84,85,17,17,17,17,20,20,16,19,4,6,0,0,0,-3,-11,-11,-35,-27,-52,-52,-52,-52,-60,-60,-60,-32,-88,-77,-88,0]} 1. Nf3 Nf6 2. e3 b6 3. b3 Bb7 4. Bb2 c5 5. Be2 e6 6. O-O Be7 7. c4 O-O 8. d4 d6 9. Nc3 a6 10. a3 {A30: Symmetrical English: Double Fianchetto and Hedgehog} Nbd7 {LiveBook: 3 Games} 11. Bd3 $146 ({Predecessor:} 11. Rc1 Rc8 12. Re1 Re8 13. Bf1 cxd4 14. Nxd4 d5 15. cxd5 exd5 {1-0 (38) Bryzgalin,K (2459)-Bernotas,A (2292) Pardubice 2015}) 11... Rc8 12. Qe2 {The position is equal.} Qc7 13. b4 e5 (13... d5 $11 14. dxc5 bxc5 15. cxd5 c4) 14. d5 $14 cxb4 15. axb4 e4 16. Nxe4 Nxe4 17. Bxe4 Qxc4 {[#]} 18. Bd3 $1 {[%cal Rd3c4]} Qxd5 19. Rfd1 Qh5 20. Bxa6 Bxf3 21. Qxf3 ({Much worse is} 21. gxf3 $6 Rc7 $11) 21... Qxf3 22. gxf3 Rc2 23. Bd4 Ne5 24. Bxb6 (24. Bb7 $16) 24... Rb8 $36 {[%mdl 2048] Black fights for an advantage.} 25. Ba5 {f4 is the strong threat.} Bh4 26. Rf1 Nxf3+ 27. Kg2 Nd2 28. Rfc1 Rxc1 29. Rxc1 {Black must now prevent Bc7.} Nb3 30. Bc7 ({White should try} 30. Rc8+ $16 Rxc8 31. Bxc8) 30... Rxb4 31. Bxd6 {Threatening mate with Rc8+.} Nxc1 32. Bxb4 {[%mdl 4096] Endgame Hoping for Bc4. KBB-KBN} Na2 33. Bd6 Nc3 34. Bb7 Nd1 35. Bb4 g5 36. Be1 Nxe3+ 37. fxe3 Bxe1 {KB-KB} 38. Bc8 Kg7 39. Bf5 h5 40. h3 Kf6 41. e4 Ke5 42. Bh7 Kf4 43. Bf5 (43. h4 $15) 43... f6 44. Bg6 {[#]} Ke5 {Precision: White = 43%, Black = 42%.} (44... h4 $1 $17 45. Bf5 Ke3) 1/2-1/2

[Event "POR-chT 1st League 2017"]
[Site "Leiria"]
[Date "2017.07.23"]
[Round "9"]
[White "Polaczek, Richard"]
[Black "Damaso, Rui"]
[Result "0-1"]
[WhiteElo "2406"]
[BlackElo "2434"]
[Annotator "TA"]
[PlyCount "112"]
[EventDate "2017.??.??"]
[EventType "team-tourn"]
[EventCountry "POR"]
[SourceTitle "playchess.com"]
[Source "ChessBase"]
[SourceQuality "1"]

{[%evp 10,112,24,15,54,57,64,60,70,62,75,54,54,67,68,24,27,0,0,-22,-18,-29,-24,-62,-58,-59,0,0,6,11,22,0,0,-72,-52,-60,-69,-84,-79,-64,13,-49,-69,-75,-80,-57,-66,-112,-68,-116,-86,-128,-113,-227,-207,-403,-412,-406,-388,-372,-149,-292,-291,-304,-306,-285,-182,-291,-287,-350,-370,-337,-357,-464,-436,-386,-411,-445,-433,-458,-455,-450,-447,-447,-431,-513,-494,-775,-907,-895,-577,-891,-887,-710,-711,-5080,-5030,-5080,-5048,-4631,-4631,-4631,-4631,-29977,-29976]} 1. d4 d6 2. Nf3 {[%cal Bg1f3,Bf3d2,Bd2c4][%mdl 32]} Nf6 3. g3 c5 4. d5 g6 5. Nc3 Bg7 6. Bg2 Bf5 {A43: Schmid Benoni} (6... b5 7. Nxb5 Qa5+ 8. Nc3 Ne4 9. Qd3 Nxc3 10. Bd2 Ba6 11. Bxc3 Bxd3 12. Bxa5 Bxc2 13. Bc3 Bxc3+ 14. bxc3 {½-½ (37) Donchenko,A (2471)-Romanov,E (2642) Fagernes 2014}) 7. Nd2 Qc8 8. h3 $146 ({Predecessor:} 8. O-O Bh3 9. e4 h5 10. Nf3 Bg4 11. Re1 h4 12. e5 dxe5 13. d6 hxg3 14. fxg3 {1-0 (36) Pert,N (2455)-Palliser,R (2322) Witley 2000}) 8... O-O {White is slightly better.} 9. Nc4 (9. e4 $5 {[%cal Re4f5]} Bd7 10. a4 $11) 9... Na6 10. e4 Bd7 11. a4 $1 Nc7 12. Na3 b6 {[%cal Bb7b6,Bb6b5][%mdl 32]} 13. Nc4 Qa6 14. Qe2 b5 15. Ne3 Qa5 $36 {[%mdl 2048] next ...Nfxd5! is good for Black. Black is more active.} 16. O-O b4 17. Nb1 {[%cal Bc3b1,Bb1d2,Bd2c4][%mdl 32] [#]} e6 (17... Bb5 $1 $15 {[%mdl 512]} 18. Nc4 (18. axb5 Qxa1) 18... Qa6) 18. Nd2 $11 exd5 (18... Bxa4 $2 19. dxe6 Qb5 20. Ndc4 $18) 19. exd5 {[#]} Nb5 $1 {[%cal Bc7b5,Bb5d4,Bd4f5,Bf5e3][%mdl 544]} 20. Ndc4 (20. axb5 Qxa1) 20... Nd4 $1 {[%csl LRa4,LRe2]} 21. Qd1 (21. Nxa5 $11 {remains equal.} Nxe2+ 22. Kh2) 21... Qa6 $1 $17 22. Re1 Rae8 23. c3 bxc3 $1 24. bxc3 Ne4 (24... Nf5 $15) 25. Bb2 ({Don't play} 25. cxd4 cxd4 26. Ra3 dxe3 $17) (25. Bxe4 $11 Rxe4 26. Nd2 Rxe3 27. Rxe3) 25... Nf5 $15 26. Qc2 Nxe3 27. Nxe3 f5 $1 28. Nf1 Ng5 {Threatens to win with ...f4.} 29. f4 Rxe1 30. Rxe1 Ne4 31. Kh2 (31. Bxe4 $17 fxe4 32. Rxe4) 31... Bxa4 $19 {[%cal Bd7a4,Ba4c2,Bc2d3][%mdl 32]} 32. Ra1 $2 (32. Qc1) 32... Bxc2 33. Rxa6 Rb8 34. Ba1 Rb7 (34... Rb1 $19 {is more deadly.} 35. Ra2 Bd3) 35. Ne3 (35. Bxe4 $17 {only move.} Bxe4 36. Nd2) 35... Bd3 36. c4 Bd4 37. Ra3 {intending Bxd4.} Be2 {Hoping for ...Rb1.} ({Don't do} 37... Bxe3 38. Rxd3 Bf2 39. Bxe4 $17) 38. g4 (38. Ra2 {keeps fighting.}) 38... Rb1 39. Bxd4 cxd4 40. gxf5 Nc5 ({Not} 40... dxe3 41. Bxe4 Rb2 42. Kg1 $15) 41. fxg6 hxg6 42. Ra2 dxe3 43. Rxe2 {[%mdl 4096] Endgame KRB-KRN} Rb3 44. Ra2 {[#]} a5 $1 {[%cal Ba7a5,Ba5a4,Ba4a3][%mdl 544]} 45. Bf3 (45. Rxa5 e2) 45... a4 46. Kg3 a3 47. f5 gxf5 48. Kf4 (48. Kh4 $142 Nd3 49. Bd1) 48... Nd3+ 49. Kxf5 Nc1 50. Ra1 e2 51. Bxe2 Nxe2 {KRN-KR} 52. Ke6 {[#]} Nd4+ $1 53. Kxd6 {[#]} Nc2 $1 {[%cal Rc2a1]} 54. Rg1+ Kh7 55. c5 a2 56. c6 Rb1 {Precision: White = 31%, Black = 69%.} 0-1

[Event "POR-chT 1st League 2017"]
[Site "Leiria"]
[Date "2017.07.23"]
[Round "9"]
[White "Sousa, Andre Ventura"]
[Black "Santos, Antonio P"]
[Result "1-0"]
[WhiteElo "2368"]
[BlackElo "2237"]
[Annotator "NA"]
[PlyCount "83"]
[EventDate "2017.??.??"]
[EventType "team-tourn"]
[EventCountry "POR"]
[SourceTitle "playchess.com"]
[Source "ChessBase"]
[SourceQuality "1"]
[TimeControl "5400+30"]

1. e4 {[%emt 0:00:00]} c5 {[%emt 0:01:39]} 2. Nf3 {[%emt 0:00:01]} Nc6 {[%emt 0:00:10]} 3. Bb5 {[%emt 0:00:05]} g6 {[%emt 0:00:10]} 4. O-O {[%emt 0:00:04]} Bg7 {[%emt 0:00:12]} 5. Nc3 {[%emt 0:00:04]} Nd4 {[%emt 0:03:52]} 6. Ba4 {[%emt 0:00:04]} a6 {[%emt 0:00:33]} 7. Nxd4 {[%emt 0:00:30]} cxd4 {[%emt 0:00:09]} 8. Ne2 {[%emt 0:00:03]} b5 {[%emt 0:00:51]} 9. Bb3 {[%emt 0:00:03]} Bb7 {[%emt 0:00:11]} 10. d3 {[%emt 0:00:44]} d5 {[%emt 0:02:18]} 11. Ng3 {[%emt 0:01:43]} e6 {[%emt 0:00:23]} 12. f4 {[%emt 0:00:59]} dxe4 {[%emt 0:15:14]} 13. dxe4 {[%emt 0:01:53]} Nf6 {[%emt 0:00:10]} 14. e5 {[%emt 0:08:19]} Ne4 {[%emt 0:06:01]} 15. Nxe4 {[%emt 0:03:34]} Bxe4 {[%emt 0:00:15]} 16. Qe2 {[%emt 0:00:17]} Bd5 {[%emt 0:01:07]} 17. Rd1 {[%emt 0:00:10]} Bxb3 {[%emt 0:22:03]} 18. axb3 {[%emt 0:00:06]} Qb6 {[%emt 0:00:09]} 19. Qf2 {[%emt 0:00:18]} O-O {[%emt 0:01:07]} 20. Qxd4 {[%emt 0:05:26]} Qc7 {[%emt 0:23:35]} 21. Qe4 {[%emt 0:00:25]} Rfc8 {[%emt 0:00:51]} 22. Be3 {[%emt 0:01:37]} Bf8 {[%emt 0:03:23]} 23. c3 {[%emt 0:00:37]} Bc5 {[%emt 0:01:27]} 24. h4 {[%emt 0:03:08]} h5 {[%emt 0:03:44]} 25. Kh2 {[%emt 0:00:09]} Bxe3 {[%emt 0:02:03]} 26. Qxe3 {[%emt 0:00:06]} a5 {[%emt 0:00:16]} 27. Rd6 {[%emt 0:01:11]} a4 {[%emt 0:07:37]} 28. Qb6 {[%emt 0:08:39]} Qe7 {[%emt 0:02:02]} 29. g3 {[%emt 0:00:15]} a3 {[%emt 0:00:36]} 30. Rxa3 {[%emt 0:05:26]} Rxa3 {[%emt 0:00:07]} 31. bxa3 {[%emt 0:00:02]} Qc7 {[%emt 0:01:48]} 32. Qxc7 {[%emt 0:00:11]} Rxc7 {[%emt 0:00:02]} 33. Rd8+ {[%emt 0:00:12]} Kg7 {[%emt 0:00:04]} 34. Rb8 {[%emt 0:00:13]} Rxc3 {[%emt 0:00:02]} 35. Rxb5 {[%emt 0:00:04]} Kf8 {[%emt 0:00:36]} 36. a4 {[%emt 0:00:24]} Rc2+ {[%emt 0:00:39]} 37. Kg1 {[%emt 0:00:12]} Ra2 {[%emt 0:00:21]} 38. a5 {[%emt 0:00:25]} g5 {[%emt 0:00:57]} 39. fxg5 {[%emt 0:01:32]} Kg7 {[%emt 0:00:02]} 40. b4 {[%emt 0:00:04]} Kg6 {[%emt 0:00:17]} 41. Rb7 {[%emt 0:00:03]} Ra4 {[%emt 0:02:42]} 42. Kf2 {[%emt 0:00:09]} 1-0

[Event "POR-chT 1st League 2017"]
[Site "Leiria"]
[Date "2017.07.23"]
[Round "9"]
[White "Medarde Santiago, Luis Marcos"]
[Black "Zelbel, Patrick"]
[Result "0-1"]
[WhiteElo "2354"]
[BlackElo "2452"]
[Annotator "TA"]
[PlyCount "60"]
[EventDate "2017.??.??"]
[EventType "team-tourn"]
[EventCountry "POR"]
[SourceTitle "playchess.com"]
[Source "ChessBase"]
[SourceQuality "1"]

{[%evp 9,60,21,48,39,61,56,58,60,63,43,49,27,41,38,53,54,59,49,54,0,24,19,24,10,14,-49,-49,-39,-45,-41,-32,-23,-16,-71,-51,-50,-13,-28,-20,-253,-266,-679,-681,-679,-679,-671,-660,-854,-604,-987,-990,-29996,-29997]} 1. e4 c5 2. Ne2 d6 3. g3 g6 4. Bg2 Bg7 5. c3 h5 (5... Nf6 6. d4 cxd4 7. cxd4 O-O 8. Nbc3 Bg4 9. e5 Ne8 10. Bxb7 Nd7 11. f4 Rb8 12. Bg2 Nc7 13. O-O {0-1 (57) Vallejo Pons,F (2684)-Al Sayed,M (2520) Berlin 2015}) 6. h3 {B20: Sicilian: Unusual White 2nd moves} Bd7 $146 ({Predecessor:} 6... Nc6 7. d3 Bd7 8. Be3 Nf6 9. d4 cxd4 10. cxd4 h4 11. g4 Nxg4 12. hxg4 Bxg4 13. f3 {½-½ (41) Mikhailov,E (2050)-Pischikov,V (2143) St Petersburg 2012}) 7. d4 Qc8 8. Be3 {White is slightly better.} Na6 {[%cal Bb8a6,Ba6b4,Bb4c2][%mdl 32]} 9. Na3 Nf6 10. f3 Rb8 11. Qd2 b5 12. Nc2 b4 13. cxb4 Nxb4 14. dxc5 ({Better is} 14. Nxb4 $14 cxb4 15. d5) 14... Nxc2+ (14... Nxe4 $5 15. fxe4 Nxc2+ 16. Qxc2 Rxb2 $11) 15. Qxc2 O-O 16. Rc1 {Black must now prevent c6.} dxc5 17. Bxc5 (17. b3 $11) 17... Qa6 $15 18. Nc3 Rfc8 {[%mdl 1024] Black has compensation.} 19. Be3 $1 Be6 20. Kf2 Nd7 {Strongly threatening ...Ne5.} 21. Bf1 (21. Rhd1 $11 {remains equal.}) 21... Qb7 22. Be2 $1 Bxa2 (22... h4 $5 23. g4 Qxb2 24. Qxb2 Rxb2 $11) 23. Qa4 Be6 24. Ba6 $2 {[#]} (24. Nb5 $11) 24... Qxb2+ $19 25. Rc2 $2 (25. Ne2 Rxc1 26. Rxc1) 25... Rxc3 26. Rxb2 Rxb2+ 27. Be2 Rcc2 28. Qa6 Ra2 29. Qd3 Bc4 30. Qxd7 Rxe2+ {Precision: White = 34%, Black = 57%.} 0-1

[Event "POR-chT 1st League 2017"]
[Site "Leiria"]
[Date "2017.07.23"]
[Round "9"]
[White "Lombaers, Peter"]
[Black "Strikovic, Aleksa"]
[Result "1-0"]
[WhiteElo "2327"]
[BlackElo "2509"]
[Annotator "TA"]
[PlyCount "123"]
[EventDate "2017.??.??"]
[EventType "team-tourn"]
[EventCountry "POR"]
[SourceTitle "playchess.com"]
[Source "ChessBase"]
[SourceQuality "1"]

{[%evp 22,123,46,0,9,9,36,22,82,79,87,46,36,40,41,40,40,51,30,40,40,0,0,0,0,0,3,5,5,-6,-4,-10,0,0,8,0,0,0,0,0,0,0,5,3,4,0,0,0,51,57,135,131,140,140,137,136,158,91,193,189,204,193,200,209,276,273,279,291,375,383,393,379,379,379,283,28,27,8,8,8,8,8,11,11,30,12,27,0,179,6,6,6,6,6,1629,1414,1154,21,4133,1893,29981,29982,29982,29983]} 1. d4 d6 2. e4 Nf6 3. Nc3 e5 4. Nf3 Nbd7 5. Bc4 Be7 6. a4 O-O 7. O-O a5 8. h3 c6 9. Re1 exd4 10. Qxd4 Nc5 {C41: Philidor Defence} (10... Nb6 11. Ba2 d5 12. exd5 Nfxd5 13. Nxd5 Nxd5 14. Bxd5 cxd5 15. Bf4 Bf5 16. c3 Be4 17. Nd2 Bg6 18. Nf1 {1-0 (38) Ragger,M (2680)-Kunin,V (2551) Minsk 2017}) 11. b3 Be6 12. Bb2 {LiveBook: 4 Games} Bxc4 {The position is equal.} 13. Qxc4 {[#]} Qb6 $146 ({Find the theoretical novelty and annotate with similar games:} 13... Nfd7 14. Rad1 Re8 15. Nd4 g6 16. Qe2 Bf6 17. Qg4 Bg7 18. Qg3 {½-½ (58) Brenjo,S (2522)-Damljanovic,B (2541) Vrnjacka Banja 2010}) 14. Rad1 Qb4 (14... Rfe8 $11 {keeps the balance.}) 15. Nd2 Rfe8 16. Qxb4 (16. Qe2 {is interesting.} Qb6 17. Nc4 Qa6 18. Qe3 Rad8 19. Ba3) 16... axb4 17. Na2 d5 {[%cal Rf6e4]} 18. Bxf6 Bxf6 19. exd5 Rxe1+ 20. Rxe1 {Nc4 is the strong threat.} cxd5 21. Nb1 Na6 22. c3 bxc3 23. Nbxc3 Bxc3 (23... Nb4 $5) 24. Nxc3 $11 {[%mdl 4096] Endgame KRN-KRN} d4 25. Nd5 Rd8 {Threatening ...Nc5.} 26. Nb6 Kf8 27. Kf1 Nb4 28. Nc4 Nd3 29. Rd1 Nc5 30. Nd2 Rd5 31. Ra1 Ke7 32. b4 Nd3 33. Rb1 Rf5 34. Nf3 Rd5 ({Black should play} 34... Kd6 $11) 35. g3 $14 Kd6 ({Black should try} 35... f6 $1 $14) 36. Ke2 $16 Ne5 37. Nxe5 $1 Rxe5+ {KR-KR} 38. Kd3 Rf5 39. Rb2 ({Of course not} 39. Kxd4 $6 Rxf2 40. Kc4 Kc6 $11) (39. f4 $142) 39... Kd5 (39... Rf3+ $16 {might work better.} 40. Kxd4 h5) 40. f4 $18 Rf6 41. Rc2 b6 42. Re2 Rh6 43. Re5+ Kd6 44. h4 {[%cal Bh3h4,Bh4h5][%mdl 32]} ({Stronger than} 44. Kxd4 Rxh3 45. Re3 h5 $11) 44... f6 45. Rb5 Kc6 46. h5 g6 47. g4 f5 48. gxf5 $2 (48. hxg6 $18 hxg6 49. gxf5) 48... gxh5 $11 49. Kxd4 {Hoping for Ke5.} (49. f6 $5 Rxf6 50. Rxh5 $14) 49... h4 {aiming for ...h3.} 50. Re5 h3 {Strongly threatening ...h2.} 51. Re1 h2 52. Rh1 Kd6 $1 53. Ke4 {Black must now prevent Kf3.} Rh3 54. a5 Rb3 $2 (54... bxa5 $1 $11 {and Black stays safe.} 55. bxa5 Ke7) 55. axb6 $2 (55. Rxh2 $18 Rxb4+ 56. Kf3 bxa5 57. Rxh7) 55... Rxb4+ 56. Kf3 Rxb6 57. Rxh2 Rb7 $2 {[%mdl 8192]} (57... Ke7 $11) 58. Rh6+ $18 Kd5 {[#]} 59. Ra6 $2 (59. Re6 $1 $18 {[%cal Re6e5]} Rg7 60. Re5+ Kc6 61. Ke4) 59... Rg7 $2 {[%mdl 8192] [#]} (59... h5 $11) 60. f6 $1 {[%cal Rf6g7,Bf5f6,Bf6f7][%mdl 32]} Rg8 61. f7 Rf8 62. Rf6 {Precision: White = 51%, Black = 34%.} 1-0

[Event "POR-chT 1st League 2017"]
[Site "Leiria"]
[Date "2017.07.23"]
[Round "9"]
[White "Vasques, Antonio Pedro Freix"]
[Black "Martinez Duany, Lelys Stanley"]
[Result "0-1"]
[WhiteElo "2307"]
[BlackElo "2495"]
[Annotator "TA"]
[PlyCount "112"]
[EventDate "2017.??.??"]
[EventType "team-tourn"]
[EventCountry "POR"]
[SourceTitle "playchess.com"]
[Source "ChessBase"]
[SourceQuality "1"]

{[%evp 9,112,16,31,-9,-12,-6,-2,-9,0,0,0,-5,0,-2,-16,-31,-31,-60,0,-6,29,29,28,29,29,19,46,35,41,27,62,27,17,25,56,17,14,16,36,-62,-50,-59,-36,-36,-38,-74,-74,-74,-74,-82,-20,-22,-23,-15,-25,-16,-33,-34,-35,-31,-23,-28,-10,-10,-10,-21,-10,-10,-10,-74,-77,-77,-75,-66,-59,-68,-67,-70,-77,-515,-506,-375,-380,-894,-803,-1609,-10841,-12220,-6079,-29959,-29940,-5097,-2506,-29961,-29956,-29969,-29970,-29969,-29970,-29975,-29973,-29976,-29977,-29991,-29992]} 1. e4 e5 2. Nf3 Nc6 3. Bc4 Nf6 4. d3 h6 5. Nbd2 {[%cal Bb1d2,Bd2f1,Bf1e3][%mdl 32]} g6 6. Nf1 {C55: Two Knights: 4 d3, 4 d4 exd4 5 e5 and Max Lange Attack} d5 7. exd5 Nxd5 8. Ne3 $146 {The position is equal.} ({Predecessor:} 8. Ng3 Bg7 9. Ne4 Nb6 10. Bb3 Nd4 11. O-O O-O 12. Re1 Re8 13. Bd2 Nxb3 14. axb3 {½-½ (53) Chigvintsev,A (2375)-Bezgodov,A (2545) Tomsk 1998}) 8... Nb6 9. Bb5 Bg7 10. Bxc6+ bxc6 11. O-O O-O 12. Bd2 Re8 13. a4 Rb8 (13... f5 $15 14. Bc3 Nd5) 14. Re1 $11 f5 15. Bc3 Ba6 16. a5 Nd5 17. Nxd5 $1 Qxd5 18. Nd2 Rbd8 19. Qf3 Rd6 20. Re3 Rde6 21. Rae1 Qd6 22. Qd1 (22. g4 $5 {[%cal Rg4f5]}) 22... e4 23. Bxg7 Kxg7 24. Nc4 (24. Qc1 $14) 24... Bxc4 $15 25. dxc4 Qe5 26. b3 Rd6 27. Qa1 Qxa1 28. Rxa1 $17 {[%mdl 4096] Endgame KRR-KRR} Rd2 29. f3 Kf6 (29... Rxc2 $17 {White must now prevent ...Rd8.} 30. Rd1 Re7) 30. Rae1 {[%cal Rf3e4] [#]} exf3 $1 {[%mdl 512]} 31. Rxe8 (31. Rxf3 Rxe1+) 31... f2+ 32. Kf1 fxe1=Q+ 33. Kxe1 Rxg2 $11 {KR-KR} 34. Ra8 Ke7 35. Rxa7 Kd7 36. Ra8 Rxc2 37. a6 Rxh2 {Strongly threatening ...Ra2.} 38. Rg8 {Threatens to win with a7.} Ra2 {And now ...g5 would win.} 39. Rxg6 (39. Rg7+ $11 {keeps the balance.} Kd6 40. Rxg6+ Kc5 41. Rxh6) 39... Rxa6 $17 40. Rxh6 {[#]} Rb6 $1 41. Rh3 Kd6 42. Kd2 Ke5 43. Kc3 c5 44. Rd3 $2 {[%mdl 8192] [#]} (44. Rh7 $17 {is tougher.}) 44... Rd6 $1 $19 {[%cal Rd6d3]} 45. Re3+ Kf6 46. b4 $2 (46. Rf3 Kg5 47. Rg3+ Kh4 48. Rg7) 46... cxb4+ 47. Kxb4 f4 {[%cal Bf5f4,Bf4f3,Bf3f2][%mdl 32]} 48. Re1 Kf5 49. c5 Re6 50. Rf1 c6 (50... Kg4 $142 51. Rg1+ Kf5) 51. Ka5 Ke4 {Black mates.} 52. Kb6 f3 53. Re1+ Kf5 54. Rd1 Rf6 55. Rd6 f2 56. Rxc6 Rxc6+ {Precision: White = 39%, Black = 68%.} 0-1

[Event "POR-chT 1st League 2017"]
[Site "Leiria"]
[Date "2017.07.23"]
[Round "9"]
[White "Diogo, Vasco"]
[Black "Maisuradze, Nino"]
[Result "1/2-1/2"]
[WhiteElo "2213"]
[BlackElo "2266"]
[Annotator "NA"]
[PlyCount "39"]
[EventDate "2017.??.??"]
[EventType "team-tourn"]
[EventCountry "POR"]
[SourceTitle "playchess.com"]
[Source "ChessBase"]
[SourceQuality "1"]
[TimeControl "5400+30"]

1. e4 {[%emt 0:00:00]} c5 {[%emt 0:00:02]} 2. Nf3 {[%emt 0:00:00]} Nc6 {[%emt 0:00:10]} 3. d4 {[%emt 0:00:21]} cxd4 {[%emt 0:00:03]} 4. Nxd4 {[%emt 0:00:06]} e5 {[%emt 0:00:05]} 5. Nb5 {[%emt 0:00:06]} d6 {[%emt 0:00:02]} 6. c4 {[%emt 0:01:22]} Be7 {[%emt 0:00:09]} 7. N1c3 {[%emt 0:00:31]} a6 {[%emt 0:00:02]} 8. Na3 {[%emt 0:00:07]} f5 {[%emt 0:00:07]} 9. exf5 {[%emt 0:04:20]} Bxf5 {[%emt 0:00:03]} 10. Bd3 {[%emt 0:00:37]} Be6 {[%emt 0:00:02]} 11. Qh5+ {[%emt 0:02:17]} Bf7 {[%emt 0:02:59]} 12. Qh3 {[%emt 0:11:52]} Nf6 {[%emt 0:00:29]} 13. O-O {[%emt 0:02:03]} Nd4 {[%emt 0:06:15]} 14. Bg5 {[%emt 0:11:10]} Be6 {[%emt 0:17:11]} 15. Qh4 {[%emt 0:07:10]} Nf5 {[%emt 0:05:26]} 16. Qh3 {[%emt 0:04:45]} Nd4 {[%emt 0:01:37]} 17. Qh4 {[%emt 0:00:36]} Nf5 {[%emt 0:22:25]} 18. Qh3 {[%emt 0:00:44]} Nd4 {[%emt 0:07:57]} 19. Qh4 {[%emt 0:00:29]} Nf5 {[%emt 0:12:41]} 20. Qh3 {[%emt 0:01:28]} 1/2-1/2

[Event "POR-chT 1st League 2017"]
[Site "Leiria"]
[Date "2017.07.23"]
[Round "9"]
[White "Carneiro, Carlos"]
[Black "Hammes, Michael"]
[Result "1/2-1/2"]
[WhiteElo "2175"]
[BlackElo "2349"]
[Annotator "NA"]
[PlyCount "59"]
[EventDate "2017.??.??"]
[EventType "team-tourn"]
[EventCountry "POR"]
[SourceTitle "playchess.com"]
[Source "ChessBase"]
[SourceQuality "1"]
[TimeControl "5400+30"]

1. d4 {[%emt 0:00:00]} e6 {[%emt 0:00:55]} 2. c4 {[%emt 0:00:00]} Nf6 {[%emt 0:00:40]} 3. Nf3 {[%emt 0:00:00]} d5 {[%emt 0:00:17]} 4. Nc3 {[%emt 0:00:05]} a6 {[%emt 0:00:36]} 5. cxd5 {[%emt 0:02:35]} exd5 {[%emt 0:00:06]} 6. Bg5 {[%emt 0:02:05]} Be6 {[%emt 0:01:57]} 7. e3 {[%emt 0:00:55]} Nbd7 {[%emt 0:00:35]} 8. Be2 {[%emt 0:01:13]} Bd6 {[%emt 0:03:49]} 9. O-O {[%emt 0:03:09]} c6 {[%emt 0:02:41]} 10. Qc2 {[%emt 0:03:30]} Qc7 {[%emt 0:03:20]} 11. Rab1 {[%emt 0:11:47]} Bg4 {[%emt 0:19:51]} 12. h3 {[%emt 0:03:21]} Bh5 {[%emt 0:01:35]} 13. e4 {[%emt 0:11:43]} Bg6 {[%emt 0:05:21]} 14. Bd3 {[%emt 0:01:45]} Nxe4 {[%emt 0:00:56]} 15. Nxe4 {[%emt 0:03:32]} dxe4 {[%emt 0:01:07]} 16. Bxe4 {[%emt 0:10:41]} O-O {[%emt 0:00:33]} 17. Nh4 {[%emt 0:01:56]} Bxe4 {[%emt 0:08:38]} 18. Qxe4 {[%emt 0:05:01]} Rfe8 {[%emt 0:00:18]} 19. Qg4 {[%emt 0:00:31]} Re6 {[%emt 0:08:02]} 20. Rbe1 {[%emt 0:09:51]} Nf8 {[%emt 0:09:38]} 21. f4 {[%emt 0:06:53]} Rae8 {[%emt 0:10:50]} 22. Rxe6 {[%emt 0:01:26]} Nxe6 {[%emt 0:00:21]} 23. Re1 {[%emt 0:04:28]} Kf8 {[%emt 0:03:49]} 24. Nf5 {[%emt 0:14:39]} f6 {[%emt 0:02:12]} 25. Bxf6 {[%emt 0:00:41]} gxf6 {[%emt 0:02:57]} 26. Qh4 {[%emt 0:00:36]} Bxf4 {[%emt 0:01:18]} 27. Qxf6+ {[%emt 0:00:32]} Qf7 {[%emt 0:00:21]} 28. Qh8+ {[%emt 0:00:13]} Qg8 {[%emt 0:00:08]} 29. Qf6+ {[%emt 0:00:13]} Qf7 {[%emt 0:00:09]} 30. Qh8+ 1/2-1/2

[Event "POR-chT 1st League 2017"]
[Site "Leiria"]
[Date "2017.07.23"]
[Round "9"]
[White "Guerra, Victor"]
[Black "Trindade, Rui Jorge Rodrigues"]
[Result "0-1"]
[WhiteElo "2136"]
[BlackElo "2033"]
[Annotator "NA"]
[PlyCount "76"]
[EventDate "2017.??.??"]
[EventType "team-tourn"]
[EventCountry "POR"]
[SourceTitle "playchess.com"]
[Source "ChessBase"]
[SourceQuality "1"]
[TimeControl "5400+30"]

1. d4 {[%emt 0:00:32]} d5 {[%emt 0:00:18]} 2. Nf3 {[%emt 0:00:08]} Nf6 {[%emt 0:00:28]} 3. g3 {[%emt 0:00:19]} e6 {[%emt 0:00:23]} 4. Bg2 {[%emt 0:00:24]} Be7 {[%emt 0:00:16]} 5. O-O {[%emt 0:00:13]} O-O {[%emt 0:00:20]} 6. c4 {[%emt 0:00:05]} b6 {[%emt 0:00:35]} 7. cxd5 {[%emt 0:00:47]} exd5 {[%emt 0:00:06]} 8. b3 {[%emt 0:02:36]} Bb7 {[%emt 0:00:39]} 9. Bb2 {[%emt 0:04:33]} Nbd7 {[%emt 0:00:52]} 10. Nc3 {[%emt 0:00:38]} Ne4 {[%emt 0:00:47]} 11. Rc1 {[%emt 0:01:25]} Ndf6 {[%emt 0:00:55]} 12. Ne5 {[%emt 0:02:10]} Nxc3 {[%emt 0:01:18]} 13. Rxc3 {[%emt 0:02:16]} c5 {[%emt 0:02:37]} 14. Rc2 {[%emt 0:02:24]} Rc8 {[%emt 0:03:25]} 15. Bh3 {[%emt 0:03:21]} Rc7 {[%emt 0:00:50]} 16. Qc1 {[%emt 0:05:28]} Ne4 {[%emt 0:01:33]} 17. Rd1 {[%emt 0:01:56]} Ng5 {[%emt 0:01:35]} 18. Bg2 {[%emt 0:00:54]} Ne6 {[%emt 0:00:10]} 19. e4 {[%emt 0:04:17]} f6 {[%emt 0:03:18]} 20. exd5 {[%emt 0:11:11]} fxe5 {[%emt 0:00:12]} 21. dxe5 {[%emt 0:00:33]} Rd7 {[%emt 0:01:21]} 22. d6 {[%emt 0:17:32]} Bg5 {[%emt 0:00:20]} 23. Qb1 {[%emt 0:03:12]} Bxg2 {[%emt 0:00:26]} 24. Kxg2 {[%emt 0:01:53]} Qa8+ {[%emt 0:01:55]} 25. Kg1 {[%emt 0:01:02]} Qf3 {[%emt 0:02:22]} 26. Re1 {[%emt 0:13:02]} Nf4 {[%emt 0:04:30]} 27. gxf4 {[%emt 0:00:23]} Rxf4 {[%emt 0:00:17]} 28. Bc1 {[%emt 0:11:20]} Rg4+ {[%emt 0:02:05]} 29. Kf1 {[%emt 0:00:05]} Qh3+ {[%emt 0:02:41]} 30. Ke2 {[%emt 0:00:06]} Re4+ {[%emt 0:02:01]} 31. Be3 {[%emt 0:04:03]} Bxe3 {[%emt 0:00:18]} 32. Rc3 {[%emt 0:00:47]} Qg4+ {[%emt 0:01:24]} 33. Kf1 {[%emt 0:01:03]} Qh3+ {[%emt 0:01:59]} 34. Ke2 {[%emt 0:00:27]} Rxe5 {[%emt 0:04:08]} 35. fxe3 {[%emt 0:01:06]} Qg2+ {[%emt 0:00:34]} 36. Kd3 {[%emt 0:01:37]} Rxd6+ {[%emt 0:00:16]} 37. Kc4 {[%emt 0:00:16]} Qd5+ {[%emt 0:00:58]} 38. Kb5 {[%emt 0:00:23]} Qc6+ {[%emt 0:00:19]} 0-1